Die Bundesrepublik und Franco-Spanien in den 50er Jahren : NS-Vergangenheit als Burde? /
Saved in:
| Main Author: | |
|---|---|
| Format: | Electronic eBook |
| Language: | German |
| Published: |
Munchen, [Germany] :
Oldenbourg Wissenschaftsverlag,
2006.
|
| Series: | Schriftenreihe der Vierteljahrshefte fur Zeitgeschichte ;
Band 92. |
| Subjects: | |
| Online Access: | Click to View |
| Tags: |
No Tags, Be the first to tag this record!
|
MARC
| LEADER | 00000nam a2200000 i 4500 | ||
|---|---|---|---|
| 001 | EBC1345234 | ||
| 003 | MiAaPQ | ||
| 005 | 20250214125441.0 | ||
| 006 | m o d | | ||
| 007 | cr cnu|||||||| | ||
| 008 | 140618t20062006gw ob 001 0 ger d | ||
| 020 | |z 9783486579871 | ||
| 020 | |a 9783486702835 (e-book) | ||
| 035 | |a (MiAaPQ)EBC1345234 | ||
| 035 | |a (Au-PeEL)EBL1345234 | ||
| 035 | |a (CaPaEBR)ebr10880061 | ||
| 035 | |a (CaONFJC)MIL610510 | ||
| 035 | |a (OCoLC)879549721 | ||
| 040 | |a MiAaPQ |b eng |e rda |e pn |c MiAaPQ |d MiAaPQ | ||
| 043 | |a e-gx--- |a e-sp--- | ||
| 050 | 4 | |a DD120.S7 |b .L44 2006 | |
| 082 | 0 | |a D411 | |
| 100 | 1 | |a Lehmann, Walter, |e author. | |
| 245 | 1 | 4 | |a Die Bundesrepublik und Franco-Spanien in den 50er Jahren : |b NS-Vergangenheit als Burde? / |c on Walter Lehmann. |
| 264 | 1 | |a Munchen, [Germany] : |b Oldenbourg Wissenschaftsverlag, |c 2006. | |
| 264 | 4 | |c 2006 | |
| 300 | |a 1 online resource (242 pages). | ||
| 336 | |a text |2 rdacontent | ||
| 337 | |a computer |2 rdamedia | ||
| 338 | |a online resource |2 rdacarrier | ||
| 490 | 1 | |a Schriftenreihe der Vierteljahrshefte fur Zeitgeschichte, ; |v 0506-9408 ; |v Band 92 | |
| 504 | |a Includes bibliographical references and index. | ||
| 588 | |a Description based on print version record. | ||
| 590 | |a Electronic reproduction. Ann Arbor, MI : ProQuest, 2016. Available via World Wide Web. Access may be limited to ProQuest affiliated libraries. | ||
| 651 | 0 | |a Germany (West) |x Foreign relations |z Spain. | |
| 651 | 0 | |a Spain |x Foreign relations |z Germany (West) | |
| 655 | 4 | |a Electronic books. | |
| 776 | 0 | 8 | |i Print version: |a Lehmann, Walter. |t Die Bundesrepublik und Franco-Spanien in den 50er Jahren : NS-Vergangenheit als Burde? / |d Munchen, [Germany] : Oldenbourg Wissenschaftsverlag, c2006 |h 247 pages |k Schriftenreihe der Vierteljahrshefte fur Zeitgeschichte ; Band 92. |z 9783486579871 |w 2006455347 |
| 797 | 2 | |a ProQuest (Firm) | |
| 830 | 0 | |a Schriftenreihe der Vierteljahrshefte fur Zeitgeschichte ; |v Band 92. | |
| 856 | 4 | 0 | |u http://ebookcentral.proquest.com/lib/daystar-ebooks/detail.action?docID=1345234 |z Click to View |
| 999 | |c 239787 |d 239786 | ||